<?xml version="1.0" encoding="UTF-8"?>
<collection xmlns="http://www.loc.gov/MARC21/slim">
 <record>
  <leader>01097nam a22002415a 4500</leader>
  <controlfield tag="001">EEA.libagro011116</controlfield>
  <controlfield tag="005">20190515092238.0</controlfield>
  <controlfield tag="008">190514s2019####ag############000#0#spa#d</controlfield>
  <datafield tag="082" ind1="0" ind2="4">
   <subfield code="a">636.2</subfield>
  </datafield>
  <datafield tag="100" ind1="1" ind2=" ">
   <subfield code="a">Acuña, Cristian.</subfield>
  </datafield>
  <datafield tag="245" ind1="1" ind2="0">
   <subfield code="a">Análisis de un sistema productivo ganadero intensivo en el partido de Villarino :</subfield>
   <subfield code="b">aportes del ciclo profesional de Ingeniería Agronómica /</subfield>
   <subfield code="c">Cristian Acuña.</subfield>
  </datafield>
  <datafield tag="260" ind1=" " ind2=" ">
   <subfield code="a">Bahía Blanca,</subfield>
   <subfield code="c">2019.</subfield>
  </datafield>
  <datafield tag="300" ind1=" " ind2=" ">
   <subfield code="a">44 h. :</subfield>
   <subfield code="b">il. col., fot. col. ;</subfield>
   <subfield code="c">30 cm.</subfield>
  </datafield>
  <datafield tag="500" ind1=" " ind2=" ">
   <subfield code="a">Trabajo de intensificación (Ingeniero Agrónomo) -- Universidad Nacional del Sur. Departamento de Agronomía, 2019.</subfield>
  </datafield>
  <datafield tag="650" ind1=" " ind2="7">
   <subfield code="a">Ganadería</subfield>
   <subfield code="x">Sistemas de producción</subfield>
   <subfield code="2">agrovoc</subfield>
  </datafield>
  <datafield tag="650" ind1=" " ind2="7">
   <subfield code="a">Ganadería</subfield>
   <subfield code="x">Métodos de crianza</subfield>
   <subfield code="2">agrovoc</subfield>
  </datafield>
  <datafield tag="650" ind1=" " ind2="7">
   <subfield code="a">Ganadería</subfield>
   <subfield code="x">Crianza intensiva</subfield>
   <subfield code="2">agrovoc</subfield>
  </datafield>
  <datafield tag="651" ind1=" " ind2="7">
   <subfield code="a">Villarino (Argentina : Partido)</subfield>
  </datafield>
  <datafield tag="653" ind1=" " ind2=" ">
   <subfield code="a">Buenos Aires (Argentina : Provincia)</subfield>
  </datafield>
  <datafield tag="653" ind1=" " ind2=" ">
   <subfield code="a">Práctica profesional</subfield>
  </datafield>
  <datafield tag="700" ind1="1" ind2=" ">
   <subfield code="a">Pellegrini, Cecilia N.,</subfield>
   <subfield code="e">tutor.</subfield>
  </datafield>
  <datafield tag="710" ind1="2" ind2=" ">
   <subfield code="a">Universidad Nacional del Sur.</subfield>
   <subfield code="b">Departamento de Agronomía.</subfield>
  </datafield>
  <datafield tag="859" ind1=" " ind2=" ">
   <subfield code="a">AR-BbBCA</subfield>
   <subfield code="b">BIB. AGRONOMIA</subfield>
   <subfield code="h">636.2</subfield>
   <subfield code="i">A189</subfield>
   <subfield code="p">2019/7011</subfield>
  </datafield>
 </record>
</collection>
